Statistics for Puerto's Comp Quiz

Click here to take the quiz!

General Stats

  • This quiz has been taken 6 times
  • The average score is 21 of 30

Answer Stats

GroupHintAnswer% Correct
WinnersSeason 4BAnti Romanian Mapper / Dual Belgium Mapping
100%
WinnersSeason 3Brittonic
100%
Former Cohost that Played in PC1st, S3Brittonic
100%
Former Cohost that Played in PC1st, S1Flemish
100%
WinnersSeason 1Flemish Mapping
100%
WinnersSeason 6.9Quebec
100%
WinnersSeason 5Ritz
100%
Former Cohost that Played in PC1st, S5Ritz
100%
Former Cohost that Played in PC14th, S2Sundisc_
100%
MiscellaneousHe got 14th in his first season and won his last.Sundisc_
100%
WinnersSeason 6Sundisc_
100%
Former Cohost that Played in PC9th, S6Tetno
100%
Merge UnionSeason 7Thunder Union
100%
MiscellaneousThis player quit PC6 and played in PC5.Winpzi
100%
WinnersSeason 2Lunar Mapping
75%
WinnersSeason 4Russian Spy
75%
MiscellaneousHas played in 6 seasons.Seclyria
75%
MiscellaneousThis place in North America was the name of PC1.Tornado Alley
75%
MiscellaneousThe most amount of applicants in PC.34
50%
Former Cohost that Played in PC5th, S4Gulfstream
50%
MiscellaneousGame PC6 was inspired byHalf Life 2
50%
Miscellaneous...and the season that got the record.PC6.9
50%
MiscellaneousThis food got idoled out in PC5.Bacon
25%
Merge UnionSeason 1Formula Union
25%
Merge UnionSeason 4Innsbruck Union
25%
MiscellaneousThis player has the worst rank average.Lightsaber
25%
Merge UnionSeason 6Mesa Union
25%
Merge UnionSeason 5Mortar Union
25%
MiscellaneousFirst boot of PC Season 4Rlcchamp 2.0
25%
Merge UnionSeason 2Tuexno Union
25%

Score Distribution

Percentile by Number Answered

Percent of People with Each Score

Your Score History

You have not taken this quiz